Hospodářská politika evropských společenství
Salvato in:
| Autore principale: | |
|---|---|
| Natura: | Libro |
| Lingua: | ceco |
| Pubblicazione: |
Praha
VŠE
1992
|
| Edizione: | 1. vyd. |
| Soggetti: | |
| Tags: |
Nessun Tag, puoi essere il primo ad aggiungerne!!
|
MARC
| LEADER | 00000nam a2200000 4500 | ||
|---|---|---|---|
| 001 | c001722 | ||
| 005 | 20221214085712.8 | ||
| 020 | |a 80-7079-410-0 | ||
| 041 | 0 | |a cze | |
| 044 | |a CZ | ||
| 245 | 1 | 0 | |a Hospodářská politika evropských společenství |c Zdeněk Šrein |
| 250 | |a 1. vyd. | ||
| 264 | 1 | |a Praha |b VŠE |c 1992 | |
| 300 | |a 106 s. | ||
| 610 | 2 | 0 | |a politika hospodárska |
| 610 | 2 | 0 | |a MKEI |
| 610 | 2 | 0 | |a únie colné |
| 610 | 2 | 0 | |a energetika |
| 610 | 2 | 0 | |a politika priemyselná |
| 610 | 2 | 0 | |a politika poľnohospodárska |
| 610 | 2 | 0 | |a politika regionálna |
| 610 | 2 | 0 | |a politika menová |
| 610 | 2 | 0 | |a politika fiškálna |
| 610 | 2 | 0 | |a sústava daňová |
| 610 | 2 | 0 | |a vzťahy hospodárske medzinárodné |
| 610 | 2 | 0 | |a Európske spoločenstvá |
| 100 | 1 | |a Šrein, Zdeněk | |